| 000 | 02158cam a2200433 i 4500 | ||
|---|---|---|---|
| 001 | 12915338 | ||
| 003 | EG-ScBUE | ||
| 005 | 20250225092636.0 | ||
| 008 | 160418s2024 paua f b 001 0 eng d | ||
| 020 | _a9781975210540 (alk. paper) | ||
| 020 | _a1975210549 (alk. paper) | ||
| 035 | _a(OCoLC)ocn947084262 | ||
| 035 | _a12915338 | ||
| 040 |
_aDNLM/DLC _beng _erda _cDLC _dNLM _dYDXCP _dCtY _dEG-ScBUE |
||
| 082 | 0 | 4 |
_a616.0754 _222 _bBIC |
| 100 | 1 |
_aBickley, Lynn S., _eauthor. |
|
| 245 | 1 | 0 |
_aBates' guide to physical examination and history taking / _cLynn S. Bickley, Peter G. Szilagyi, Richard M. Hoffman ; guest editor, Rainier P. Soriano. |
| 246 | 3 | 0 | _aGuide to physical examination and history taking |
| 250 | _aThirteenth edition. | ||
| 264 | 1 |
_aPhiladelphia : _bWolters Kluwer, _c[2024] |
|
| 264 | 4 | _cc2024 | |
| 300 |
_axxxviii, 1201 pages : _bcolor illustrations ; _c28 cm |
||
| 336 |
_atext _2rdacontent _btxt |
||
| 337 |
_aunmediated _2rdamedia _bn |
||
| 338 |
_avolume _2rdacarrier _bnc |
||
| 504 | _aIncludes bibliographical references and index. | ||
| 505 | 0 | _aFoundations for clinical proficiency -- Evaluating clinical evidence -- Interviewing and the health history -- Beginning the physical examination : general survey, vital signs, and pain -- Behavior and mental status -- The skin, hair, and nails -- The head and neck -- The thorax and lungs -- The cardiovascular system -- The breasts and axillae -- The abdomen -- The peripheral vascular system -- Male genitalia and hernias -- Female genitalia -- The anus, rectum, and prostate -- The musculoskeletal system -- The nervous system -- Assessing children : infancy through adolescence -- The pregnant woman -- The older adult. | |
| 650 | 7 |
_aPhysical diagnosis. _2BUEsh |
|
| 650 | 7 |
_aMedical history taking. _2BUEsh |
|
| 650 | 7 |
_aPhysical Examination _xmethods. _2BUEsh |
|
| 650 | 7 |
_aMedical history taking _vmethods. _2BUEsh |
|
| 653 |
_cFebruary2025 _bNNUR |
||
| 655 | _vReading book | ||
| 700 | 1 |
_aSzilagyi, Peter G., _eauthor. |
|
| 700 | 1 |
_aHoffman, Richard M., _eauthor. |
|
| 700 | 1 |
_aSoriano, Rainier P., _eeditor. |
|
| 942 |
_2ddc _cBB |
||
| 999 |
_c30925 _d30896 |
||